Nikko National Park Wildlife - Statistics

General Stats
  • This quiz has been taken 18 times
  • The average score is 26 of 40
Answer Stats
Picture Answer % Correct
Grey Heron
100%
Asiatic Black Bear
92%
Green Pheasant
92%
Sika Deer
92%
Tundra Swan
92%
Japanese Macaque
85%
Japanese Raccoon Dog
85%
Japanese Squirrel
85%
Red Fox
85%
Great Crested Grebe
77%
Japanese Badger
77%
Japanese Five Lined Skink
77%
Japanese Hare
77%
Japanese Tree Frog
77%
Japanese Weasel
77%
Oriental Stork
77%
Oriental Turtle Dove
77%
Osprey
77%
Ural Owl
77%
Wild Boar
77%
Japanese Common Toad
69%
Japanese Dwarf Flying Squirrel
69%
Japanese Marten
69%
Mandarin Duck
69%
Black Kite
62%
Japanese Giant Gecko
62%
Japanese Pygmy Woodpecker
62%
Japanese Serow
62%
Bull Headed Shrike
54%
Japanese Dormouse
54%
Japanese Fire Bellied Newt
54%
Warbling White Eye
54%
Tiger Keelback
46%
Blue And White Flycatcher
38%
Daurian Redstart
31%
Japanese Ratsnake
31%
Japanese Tit
31%
Varied Tit
23%
Daruma Pond Frog
15%
Japanese Grass Lizard
8%
No matching quizzes found
Score Distribution
Percent of People with Each Score
Percentile by Number Answered
Your Score History
You have not taken this quiz